VESTIBULAR EVOKED MYOGENIC POTENTIAL (Record no. 31352)

MARC details
000 -LEADER
fixed length control field 00403nam a22001697a 4500
003 - CONTROL NUMBER IDENTIFIER
control field SGT
020 ## - INTERNATIONAL STANDARD BOOK NUMBER
International Standard Book Number 9784431859079
082 ## - DEWEY DECIMAL CLASSIFICATION NUMBER
Classification number 617.8
Item number V09M
100 ## - MAIN ENTRY--PERSONAL NAME
Personal name MUROFUSHI, T.
245 ## - TITLE STATEMENT
Title VESTIBULAR EVOKED MYOGENIC POTENTIAL
250 ## - EDITION STATEMENT
Edition statement 1ST
260 ## - PUBLICATION, DISTRIBUTION, ETC. (IMPRINT)
Place of publication, distribution, etc HONG KONG
Name of publisher, distributor, etc SPRINGER PUB
Year of Publication 2009
300 ## - PAGE DESCRIPTION
No. of Pages 112
650 ## - SUBJECT ADDED ENTRY--TOPICAL TERM
Topical term or geographic name as entry element AUDIOLOGY
653 ## - KEYWORDS--INDEX TERM
Keyword term VESTIBULAR EVOKED MYOGENIC POTENTIAL
942 ## - ADDED ENTRY ELEMENTS (KOHA)
Source of classification or shelving scheme Dewey Decimal Classification
Koha item type Books
Holdings
Withdrawn status Lost status Source of classification or shelving scheme Damaged status Not for loan Collection code Home library Current library Shelving location Date acquired Vendor Name Cost, normal purchase price SGTU Bill Number Total Checkouts Full call number Accession No. (Barcode) Date last seen Bill Date Koha item type
    Dewey Decimal Classification   Not For Loan MEDICAL SGT Medical Library SGT Medical Library Reference Book 20/05/2025 ABC DELHI 4884.00 SGTU 21190   617.8 V09M FM15493 12/06/2025 20/05/2025 Books
    Dewey Decimal Classification   Not For Loan MEDICAL SGT Medical Library SGT Medical Library Reference Book 20/05/2025 ABC DELHI 4884.00 SGTU 21190   617.8 V09M FM15494 12/06/2025 20/05/2025 Books